|
|
|
|
| LEADER |
01028nam a2200277 a 4500 |
| 001 |
15132101 |
| 008 |
101012s2010 maua b 001 0 eng d |
| 010 |
|
|
|a 2008000970
|
| 020 |
|
|
|a 9788131729526
|
| 020 |
|
|
|a 9780321531346
|
| 020 |
|
|
|a 9780321487902
|
| 020 |
|
|
|a 0321487907
|
| 040 |
|
|
|a DLC
|c DLC
|d DLC
|d BD-DhAAL
|
| 082 |
0 |
0 |
|a 005.2/75
|2 22
|
| 100 |
1 |
|
|a Lin, Yun Calvin.
|
| 245 |
1 |
0 |
|a Principles of parallel programming /
|c Calvin Lin, Lawrence Snyder.
|
| 260 |
|
|
|a Boston, Mass ;
|a New Delhi :
|b Pearson/Addison Wesley,
|c c2010.
|
| 300 |
|
|
|a xii, 338 p. :
|b ill. ;
|c 24 cm.
|
| 504 |
|
|
|a Includes bibliographical references (p. 325-327) and index.
|
| 541 |
1 |
|
|e 00021172
|
| 650 |
|
0 |
|a Parallel programming (Computer science)
|
| 700 |
1 |
|
|a Snyder, Lawrence.
|
| 852 |
4 |
|
|a Ayesha Abed Library
|j General Shelf.
|
| 942 |
0 |
0 |
|0 1
|
| 999 |
|
|
|c 9771
|d 9771
|
| 952 |
|
|
|0 0
|1 0
|2 ddc
|4 0
|6 005_275000000000000_LIN_2010
|7 0
|9 12442
|a BRACUL
|b BRACUL
|c GEN
|d 2010-10-13
|g 393.75
|l 3
|m 25
|o 005.275 LIN
|p 3010021172
|r 2015-09-18
|s 2015-09-08
|t 1
|w 2010-10-13
|y BK
|